000 00435nam a2200181Ia 4500
001 20733
005 20260306172827.0
008 260306t2024||||xx |||||||||||||| ||spa||
041 _aESP
082 _a343.7
_bS25A
100 _aSanty Cabrera, Luiggi,
_eAUT
245 0 _aDerecho administrativo sancionador
260 _c2024
300 _a670 páginas :
_c25 cm.
650 _aGEN
654 _aCDE
942 _cLIB
_dJUS
_fJUS
_2ddc
_n
999 _c20733
_d20733